| 000 | 01255nam0a2200337 4500 | ||
|---|---|---|---|
| 001 | RU\NLR\bibl\1073194 | ||
| 005 | 20250615044016.0 | ||
| 010 |
_a5-9268-0545-7 _93000 |
||
| 021 |
_aRU _b2007-14440 _9773 |
||
| 035 | _a(NLR Aleph) 001060410 | ||
| 090 |
_a934989 _c934989 |
||
| 100 | _a20070413d2007 |||y0rusy50 ca | ||
| 101 | 0 | _arus | |
| 102 | _aRU | ||
| 105 | _ay ||||||||| | ||
| 200 | 1 |
_aИмидж лидера _eтехнология создания и продвижения, тренинговая программа _fО.В. Бухаркова, Е.Г. Горшкова |
|
| 210 |
_aСанкт-Петербург _cРечь _d2007 |
||
| 215 |
_a221, [1] c. _d16 |
||
| 606 | 1 |
_aРуководители _xИмидж _92138896 _3RU\NLR\auth\661289424 |
|
| 606 | 1 |
_aБизнес-тренинги _92079133 _3RU\NLR\auth\661255006 |
|
| 686 | _aС550.372.2 | ||
| 686 | _aС550.373 | ||
| 686 | _aС550.422.1 | ||
| 686 | _aУ9(2)-13(2Р) | ||
| 700 | 1 |
_aБухаркова _bО. В. _gОльга Валерьевна _4070 |
|
| 701 | 1 |
_aГоршкова _bЕ. Г. _gЕкатерина Геннадьевна _4070 |
|
| 801 | 0 |
_aRU _bNLR _c20070413 _gRCR |
|
| 801 | 1 |
_aRU _bNLR _c20070413 |
|
| 942 | _cBOOK | ||
| 980 | _aNB | ||